Galatians: (Record no. 5804)

000 -LEADER
fixed length control field 00626nam a2200193 a 4500
001 - CONTROL NUMBER
control field :::00003546$&:&@@
003 - CONTROL NUMBER IDENTIFIER
control field OkBaRHE
005 - DATE AND TIME OF LATEST TRANSACTION
control field 20000607103307.0
008 - FIXED-LENGTH DATA ELEMENTS--GENERAL INFORMATION
fixed length control field s1971 j 000 0 eng u
040 ## - CATALOGING SOURCE
Transcribing agency
100 1# - MAIN ENTRY--PERSONAL NAME
Personal name Vos, Howard Frederic, 1925-
245 10 - TITLE STATEMENT
Title Galatians:
Remainder of title a call to Christian liberty.
260 ## - PUBLICATION, DISTRIBUTION, ETC. (IMPRINT)
Place of publication, distribution, etc Chicago, IL., :
Name of publisher, distributor, etc Moody Press
Date of publication, distribution, etc c1971
300 ## - PHYSICAL DESCRIPTION
Extent 124 p. ;
Dimensions 20 cm.
490 0# - SERIES STATEMENT
Series statement Everyman's Bible commentary.
650 ## - SUBJECT ADDED ENTRY--TOPICAL TERM
Topical term or geographic name as entry element Bible New Testament Galatians
General subdivision Commentaries
942 ## - ADDED ENTRY ELEMENTS (KOHA)
Source of classification or shelving scheme
Koha item type Books
Copies
Copy number Source of classification or shelving scheme Barcode Damaged status Shelving location Date last seen Date acquired Lost status Price effective from Permanent Location Not for loan Full call number Withdrawn status Koha item type
1 3546 General Stacks2018-04-032010-04-14 2010-04-14RHEMA Bible Training College BS 2685.3 .V68 Books